Blue’s The Walking Dead Quiz - Statistics

General Stats
  • This quiz has been taken 204 times
  • The average score is 14 of 15
Answer Stats
Hint Answer % Correct
The Sheriffs Son Carl Grimes
100%
Hunts Man With A Crossbow Daryl Dixon
100%
Abused Wife Carol Peletier
99%
Pizza Delivery Boy Glenn Rhee
99%
Sheriff And Main Character Rick Grimes
99%
The Sheriffs Best Friend Who Turned On Him Shane Walsh
99%
The Sheriffs Wife Lori Grimes
98%
Younger Sister Of The Above Beth Greene
97%
Owner Of The Farm Hershel Greene
97%
Oldest Daughter Of The Above Maggie Greene
97%
The Tough Blonde Who Lost Her Sister Andrea
96%
Daughter Of The Above Sophia Peletier
96%
The Old Man Of The Group Owner Of The RV Dale
95%
Man Who Shot The Sheriffs Son Otis
94%
The Daughter Of The Farmers Boyfriend Jimmy
64%
No matching quizzes found
Score Distribution
Percent of People with Each Score
Percentile by Number Answered
Your Score History
You have not taken this quiz